| 000 | 00356nam a2200145Ia 4500 | ||
|---|---|---|---|
| 008 | 230312s9999||||xx |||||||||||||| ||und|| | ||
| 082 |
_a004.6 _bGUN |
||
| 100 | _aMike Gunderloy | ||
| 245 | 0 | _aSQL Server | |
| 260 |
_bSybex _c1999 |
||
| 300 | _a1201 | ||
| 546 | _aEng. | ||
| 650 |
_acomputer _vTransact-SQL, Administering sql, Digging into Sql |
||
| 942 | _cBK | ||
| 999 |
_c3498 _d3498 |
||